Pierrepont house [ The conservation of a regency town house
| Format: | Book |
|---|---|
| Published: |
Bristol :
University of the west of England ,
1997
|
| Subjects: |
MARC
| LEADER | 00000cam a2200000 7i4500 | ||
|---|---|---|---|
| 001 | 0000017970 | ||
| 005 | 20061204.0 | ||
| 040 | |a INS | ||
| 090 | 0 | 0 | |a TX 323 1997 |
| 245 | 0 | 0 | |a Pierrepont house [ |h video recording] : |b The conservation of a regency town house |
| 260 | |a Bristol : |b University of the west of England , |c 1997 | ||
| 300 | |a 1 Video cassette (VHS) (0:30) : |b sd., col. ; |c 1/2 in. | ||
| 650 | 0 | 0 | |a Dwellings |x Maintenance and repair |
| 999 | |a VHS1006 |b VIDEO |c Media Collection |e Default branch | ||